<?xml version="1.0" encoding="UTF-8"?>
<collection xmlns:xsi="http://www.w3.org/2001/XMLSchema-instance" xsi:schemaLocation="http://www.loc.gov/MARC21/slim http://www.loc.gov/standards/marcxml/schema/MARC21slim.xsd" xmlns="http://www.loc.gov/MARC21/slim">
 <record>
  <leader>00000cam a22000004a 4500</leader>
  <controlfield tag="001">UP-99796217608353997</controlfield>
  <controlfield tag="003">Buklod</controlfield>
  <controlfield tag="005">20080326141642.0</controlfield>
  <controlfield tag="006">t     rm   |||| ud</controlfield>
  <controlfield tag="007">ta</controlfield>
  <controlfield tag="008">080326s2001    xx     d     r    |||| u|</controlfield>
  <datafield tag="020" ind1=" " ind2=" ">
   <subfield code="a">9780131833562</subfield>
  </datafield>
  <datafield tag="035" ind1=" " ind2=" ">
   <subfield code="a">(iLib)UPD-00014951571</subfield>
  </datafield>
  <datafield tag="040" ind1=" " ind2=" ">
   <subfield code="a">DLC</subfield>
   <subfield code="d">DCFA</subfield>
  </datafield>
  <datafield tag="041" ind1="0" ind2=" ">
   <subfield code="a">eng</subfield>
  </datafield>
  <datafield tag="042" ind1=" " ind2=" ">
   <subfield code="a">DMLUC</subfield>
  </datafield>
  <datafield tag="090" ind1=" " ind2=" ">
   <subfield code="a">N 7380</subfield>
   <subfield code="b">H57 2001</subfield>
  </datafield>
  <datafield tag="245" ind1="0" ind2="2">
   <subfield code="a">A History of art in Africa</subfield>
   <subfield code="c">Monica Blackmun Visonà... [et al.] ; introduction by Suzanne Preston Blier ; preface by Rowland Abiodun.</subfield>
  </datafield>
  <datafield tag="246" ind1="1" ind2=" ">
   <subfield code="a">Art in Africa.</subfield>
  </datafield>
  <datafield tag="264" ind1=" " ind2="1">
   <subfield code="a">New York</subfield>
   <subfield code="b">Harry N. Abrams</subfield>
   <subfield code="c">2001.</subfield>
  </datafield>
  <datafield tag="300" ind1=" " ind2=" ">
   <subfield code="a">544 p.</subfield>
   <subfield code="b">ill. (some col.), col. maps</subfield>
   <subfield code="c">29 cm</subfield>
  </datafield>
  <datafield tag="650" ind1=" " ind2="0">
   <subfield code="a">Art, African.</subfield>
  </datafield>
  <datafield tag="700" ind1="1" ind2=" ">
   <subfield code="a">Visonà, Monica Blackmun</subfield>
   <subfield code="d">1953-.</subfield>
  </datafield>
  <datafield tag="905" ind1=" " ind2=" ">
   <subfield code="a">FO</subfield>
  </datafield>
  <datafield tag="950" ind1=" " ind2=" ">
   <subfield code="a">Monograph</subfield>
  </datafield>
  <datafield tag="852" ind1="0" ind2=" ">
   <subfield code="a">UPD</subfield>
   <subfield code="b">DCAL</subfield>
   <subfield code="h">N 7380</subfield>
   <subfield code="i">H57 2001</subfield>
  </datafield>
  <datafield tag="852" ind1="0" ind2=" ">
   <subfield code="a">UPD</subfield>
   <subfield code="b">DCFA</subfield>
   <subfield code="h">N 7380</subfield>
   <subfield code="i">H57 2001</subfield>
  </datafield>
  <datafield tag="942" ind1=" " ind2=" ">
   <subfield code="a">Book</subfield>
  </datafield>
 </record>
</collection>
